000 00611nam a2200205Ia 4500
003 GCL
008 140319s9999 xx 000 0 ara d
040 _aGCL /
_cGCL
082 0 4 _aط
_b813.088
_bع ا
100 1 _aمحمود التهامى (رسم)
245 1 0 _aالعاصفة /
_cمحمود التهامى (رسم)
700 1 _aعبدالتواب يوسف
260 _a[S.N] :
_bدار الرائد العربى ،
_c1985
300 _a16
490 _aايمان المسلمين
_v0
650 0 4 _aالاطفال
650 0 4 _aالقصص
650 0 4 _aالقصص الدينية
942 _2ddc
_cBK
999 _c56338
_d56338